000 01280naa a22003377a 4500
001 BR8901265
003 BR-BrBNA
005 20240918180435.0
007 ta
008 230509b bl.||||| |||| 00| 0 por d
040 _aBR-BrBNA
_bpor
_cBiblioteca Nacional de Agricultura
041 _a(Pt)
072 _aF06; F01
_b2110
_bG514
090 _aF06 BR8901265
100 1 _aSiqueira, P.R.
100 1 _aMuller, M.W.
100 1 _aPinho, A.F.S.
111 1 _a16. Congresso Brasileiro de Engenharia Agricola
_cJundiai, SP (Brazil)
_d13-17 Jul 1987
245 1 _aEfeito da irrigacao na produtividade do cacaueiro (Theobroma cacao L.)
246 1 _a[Irrigation effects on cacao (Theobroma cacao L.)productivity]
246 1 _a[16th Brazilian Congress of Agricultural Engineering. Annals. v. 1]
260 3 _aSao Paulo, SP (Brasil):
_c1987.
500 _a16. Congresso Brasileiro de Engenharia Agricola. Anais. v. 1 Sao Paulo, SP (Brasil): 1987. p. 116-127 (BR8901265-AM)F06
650 _aCACAU
650 _aIRRIGACAO
650 _aPRODUTIVIDADE
650 _aBAHIA
773 0 _t16. Congresso Brasileiro de Engenharia Agricola. Anais. v. 1
_wF06 BR8901265
_gSao Paulo, SP (Brasil), 1987. p. 116-127
909 _a202404
_bLucia
_c55
_dLucia Elande
942 _cAM
_2AGRIS
999 _c320379
_d320379